000 00262nam a2200121Ia 4500
082 _a615.4
_bD11R
100 _aRAJE, V.N.
245 _aDNUGS STORE AND BUSINESS MANAGEMENT
260 _bCBS- DELHI
300 _a160
650 _aPHARMACEUTICS
942 _2ddc
_cBK
999 _c7220
_d7220